000
00312nam a22001457a 4500
008
210308b ||||| |||| 00| 0 eng d
020
_a
0201126508
041
_a
eng
080
_a
610.73
082
_a
610.73
100
_a
2
101
_a
INF
245
_a
Adult Health Nursing
_c
Kneisl,R.C
942
_2
udc
_c
BK
999
_c
56009
_d
56009